[Event "Titled Tuesday intern op 16th Apr Late"]
[Site "Chess.com INT"]
[Date "2024.04.16"]
[Round "5"]
[White "Baches Garcia, Guillermo"]
[Black "Bornholdt, Joa Max"]
[Result "0-1"]
[WhiteElo "2322"]
[BlackElo "2268"]
[PlyCount "36"]
[EventDate "2024.04.16"]
[EventType "swiss (blitz)"]
[EventRounds "11"]
[EventCountry "USA"]
[SourceTitle "CB17_2024"]
[SourceDate "2024.04.24"]
[SourceVersion "1"]
[SourceVersionDate "2024.04.24"]
[SourceQuality "1"]

1. e4 e5 2. Nf3 Nc6 3. Nc3 Nf6 4. d4 exd4 5. Nxd4 Bb4 6. Nxc6 bxc6 7. Bd3 0-0 8. 0-0 d5 9. Bd2 Rb8 10. Re1 Re8 11. a3 Bd6 12. b4 h6 13. exd5 cxd5 14. Rxe8+ Qxe8 15. Qf3 c6 16. Bxh6 Qe5 17. Bxg7 Qxh2+ 18. Kf1 Bg4 0-1

[Event "Titled Tuesday intern op 16th Apr Late"]
[Site "Chess.com INT"]
[Date "2024.04.16"]
[Round "4"]
[White "Karacsonyi, Gellert"]
[Black "Baches Garcia, Guillermo"]
[Result "1-0"]
[WhiteElo "2387"]
[BlackElo "2322"]
[PlyCount "61"]
[EventDate "2024.04.16"]
[EventType "swiss (blitz)"]
[EventRounds "11"]
[EventCountry "USA"]
[SourceTitle "CB17_2024"]
[SourceDate "2024.04.24"]
[SourceVersion "1"]
[SourceVersionDate "2024.04.24"]
[SourceQuality "1"]

1. e4 c5 2. Nf3 d6 3. d4 cxd4 4. Nxd4 Nf6 5. Nc3 Nc6 6. Nxc6 bxc6 7. Bc4 e6 8. 0-0 Be7 9. Bf4 Qc7 10. Re1 Nd7 11. Bg3 0-0 12. Qh5 Rb8 13. Rab1 Nf6 14. Qe2 e5 15. h3 Bb7 16. b4 h6 17. a4 Ba8 18. b5 Rfc8 19. Bd3 cxb5 20. Nxb5 Qc5 21. Qe3 Qxe3 22. Rxe3 a6 23. Na3 Rxb1+ 24. Nxb1 d5 25. exd5 Nxd5 26. Rxe5 Bf6 27. Re1 Nb4 28. Bf5 Rd8 29. Bc7 Nxc2 30. Bxc2 Rc8 31. Bf5 1-0

[Event "Titled Tuesday intern op 16th Apr Late"]
[Site "Chess.com INT"]
[Date "2024.04.16"]
[Round "1"]
[White "Palao, Adriana"]
[Black "Baches Garcia, Guillermo"]
[Result "0-1"]
[WhiteElo "1988"]
[BlackElo "2322"]
[PlyCount "72"]
[EventDate "2024.04.16"]
[EventType "swiss (blitz)"]
[EventRounds "11"]
[EventCountry "USA"]
[SourceTitle "CB17_2024"]
[SourceDate "2024.04.24"]
[SourceVersion "1"]
[SourceVersionDate "2024.04.24"]
[SourceQuality "1"]

1. d4 Nf6 2. Bf4 b6 3. f3 e6 4. e4 d5 5. e5 Nfd7 6. c3 c5 7. Bb5 Ba6 8. Qa4 Bxb5 9. Qxb5 Be7 10. Ne2 0-0 11. 0-0 Qc7 12. Nd2 Nc6 13. a3 Rfc8 14. Rac1 Na5 15. b4 Nc6 16. c4 a6 17. Qa4 dxc4 18. d5 b5 19. Qc2 exd5 20. e6 Nde5 21. exf7+ Kxf7 22. Qf5+ Bf6 23. g4 Qd7 24. Qh5+ Kg8 25. bxc5 Nd3 26. Rcd1 Re8 27. Bd6 Rxe2 28. g5 Bd4+ 29. Kh1 Rae8 30. f4 Qf7 31. Qh3 Nf2+ 32. Rxf2 Rxf2 33. Nf3 Ree2 34. Qg3 Qe6 35. Nxd4 Re1+ 36. Rxe1 Qxe1+ 0-1

[Event "Titled Tuesday intern op 16th Apr Early"]
[Site "Chess.com INT"]
[Date "2024.04.16"]
[Round "1"]
[White "Vidit, Santosh Gujrathi"]
[Black "Baches Garcia, Guillermo"]
[Result "1-0"]
[WhiteElo "2727"]
[BlackElo "2322"]
[PlyCount "79"]
[EventDate "2024.04.16"]
[EventType "swiss (blitz)"]
[EventRounds "11"]
[EventCountry "USA"]
[SourceTitle "CB17_2024"]
[SourceDate "2024.04.24"]
[SourceVersion "1"]
[SourceVersionDate "2024.04.24"]
[SourceQuality "1"]

1. d4 d5 2. Nf3 e6 3. Bf4 Bd6 4. e3 Nf6 5. Nbd2 Bxf4 6. exf4 0-0 7. Bd3 b6 8. Qe2 c5 9. c3 a5 10. h4 Ba6 11. Bxa6 Nxa6 12. h5 cxd4 13. Nxd4 Nc5 14. h6 g6 15. N2f3 Nce4 16. Ne5 Qc7 17. g3 Rfc8 18. Kf1 Nd7 19. Ng4 Ndf6 20. Ne5 Nd7 21. Nef3 Qc4 22. Qxc4 Rxc4 23. Ke2 Kf8 24. Nd2 Nxd2 25. Kxd2 Rac8 26. Rae1 b5 27. Nxb5 Rb8 28. b3 Rxb5 29. bxc4 Rb2+ 30. Ke3 dxc4 31. Re2 Rb5 32. Kd4 Nb6 33. Re5 Rb2 34. Rxa5 Rxf2 35. a4 Rf3 36. Kc5 Nd5 37. Kd6 Nf6 38. Ra8+ Ne8+ 39. Kc6 Rxc3 40. Rd1 1-0

[Event "Titled Tuesday intern op 02nd Apr Early"]
[Site "Chess.com INT"]
[Date "2024.04.02"]
[Round "1"]
[White "Baches Garcia, Guillermo"]
[Black "Paravyan, David"]
[Result "1/2-1/2"]
[WhiteElo "2322"]
[BlackElo "2606"]
[PlyCount "59"]
[EventDate "2024.04.02"]
[EventType "swiss (blitz)"]
[EventRounds "11"]
[EventCountry "USA"]
[SourceTitle "CB15_2024"]
[SourceDate "2024.04.10"]
[SourceVersion "1"]
[SourceVersionDate "2024.04.10"]
[SourceQuality "1"]

1. e4 e5 2. Nf3 Nf6 3. Nc3 Nc6 4. d4 exd4 5. Nxd4 Bb4 6. Nxc6 bxc6 7. Bd3 0-0 8. 0-0 d5 9. Bd2 Bxc3 10. Bxc3 dxe4 11. Bxf6 Qxf6 12. Bxe4 Qxb2 13. Bxc6 Rb8 14. Rb1 Qxb1 15. Qxb1 Rxb1 16. Rxb1 Rd8 17. h4 Kf8 18. Bf3 Be6 19. Rb7 Bxa2 20. Rxa7 Bd5 21. Bxd5 Rxd5 22. Rxc7 h5 23. g3 Ra5 24. Kg2 Ra3 25. Rc8+ Ke7 26. Rc7+ Ke6 27. Rc6+ Ke7 28. Rc7+ Ke6 29. Rc6+ Ke7 30. Rc7+ 1/2-1/2

[Event "Titled Tuesday intern op 02nd Apr Early"]
[Site "Chess.com INT"]
[Date "2024.04.02"]
[Round "5"]
[White "Dragnev, Valentin"]
[Black "Baches Garcia, Guillermo"]
[Result "1-0"]
[WhiteElo "2571"]
[BlackElo "2322"]
[PlyCount "101"]
[EventDate "2024.04.02"]
[EventType "swiss (blitz)"]
[EventRounds "11"]
[EventCountry "USA"]
[SourceTitle "CB15_2024"]
[SourceDate "2024.04.10"]
[SourceVersion "1"]
[SourceVersionDate "2024.04.10"]
[SourceQuality "1"]

1. d4 d5 2. c4 e6 3. Nf3 Nf6 4. g3 h6 5. Bg2 Bd6 6. 0-0 0-0 7. Qc2 b6 8. Rd1 Bb7 9. b3 Nbd7 10. Bb2 c5 11. dxc5 bxc5 12. cxd5 exd5 13. Nbd2 Re8 14. Nc4 Bf8 15. Nce5 Nxe5 16. Nxe5 Qb6 17. Rac1 a5 18. Nd3 Rac8 19. Bxf6 Qxf6 20. Nf4 Ba6 21. Nxd5 Qe5 22. e3 c4 23. Nb6 cxb3 24. Qxb3 Rxc1 25. Rxc1 Rd8 26. Bd5 Kh8 27. Bxf7 Bc5 28. Nd5 Rf8 29. Rxc5 Rxf7 30. Qc3 Qb8 31. Nf4 Qb1+ 32. Qc1 Qb7 33. Rd5 Kh7 34. Qc2+ Kg8 35. Rd8+ Rf8 36. Rxf8+ Kxf8 37. Ne6+ Kg8 38. Nc5 Qc7 39. Qb3+ Kh7 40. Qb1+ Kg8 41. Nxa6 Qc6 42. Qb8+ Kh7 43. Qb1+ Kg8 44. Nb8 Qf3 45. Nd7 Kh8 46. Qb8+ Kh7 47. Nf8+ Kg8 48. Ne6+ Kh7 49. Qb1+ Kg8 50. Nd4 Qe2 51. Nxe2 1-0

[Event "Titled Tuesday intern op 02nd Apr Early"]
[Site "Chess.com INT"]
[Date "2024.04.02"]
[Round "8"]
[White "Koshulyan, Egor A"]
[Black "Baches Garcia, Guillermo"]
[Result "1-0"]
[WhiteElo "2226"]
[BlackElo "2322"]
[PlyCount "103"]
[EventDate "2024.04.02"]
[EventType "swiss (blitz)"]
[EventRounds "11"]
[EventCountry "USA"]
[SourceTitle "CB15_2024"]
[SourceDate "2024.04.10"]
[SourceVersion "1"]
[SourceVersionDate "2024.04.10"]
[SourceQuality "1"]

1. e4 d5 2. exd5 Qxd5 3. Nc3 Qa5 4. d4 Nf6 5. Nf3 Bf5 6. Bc4 e6 7. 0-0 Bb4 8. Ne2 c6 9. Ng3 Bg6 10. Ne5 Nbd7 11. Qe2 Nxe5 12. dxe5 Nd5 13. Ne4 Bxe4 14. Qxe4 Bd2 15. Bxd2 Qxd2 16. Rad1 Qa5 17. a3 0-0 18. h4 Rad8 19. h5 g6 20. h6 Qc7 21. Rfe1 Qe7 22. Qg4 Nb6 23. Bd3 Rd5 24. Qf4 Rfd8 25. Re3 Rd4 26. Qh2 Nd5 27. Rf3 Rh4 28. Rh3 Rxh3 29. Qxh3 Nf4 30. Qe3 Qg5 31. g3 Qh5 32. Rd2 Nxd3 33. Rxd3 Rxd3 34. cxd3 g5 35. Qxa7 Qxh6 36. Qxb7 Qg6 37. Qb8+ Kg7 38. Qd6 Qf5 39. Qd4 Qf3 40. a4 h5 41. a5 g4 42. a6 h4 43. gxh4 g3 44. fxg3 Qxg3+ 45. Kf1 Qf3+ 46. Ke1 Qg3+ 47. Kd2 Qg2+ 48. Kc3 Qf1 49. a7 Qc1+ 50. Kb3 Qd1+ 51. Ka2 Qa4+ 52. Qxa4 1-0

[Event "Titled Tuesday intern op 12th Mar Early"]
[Site "Chess.com INT"]
[Date "2024.03.12"]
[Round "2"]
[White "Baches Garcia, Guillermo"]
[Black "Tarasova, Viktoriya"]
[Result "1-0"]
[WhiteElo "2321"]
[BlackElo "2226"]
[PlyCount "57"]
[EventDate "2024.03.12"]
[EventType "swiss (blitz)"]
[EventRounds "11"]
[EventCountry "USA"]
[SourceTitle "CB12_2024"]
[SourceDate "2023.10.01"]
[SourceVersion "1"]
[SourceVersionDate "2023.10.01"]
[SourceQuality "1"]

1. d4 Nf6 2. Nf3 e6 3. Bg5 d5 4. Nbd2 Bd6 5. e3 h6 6. Bh4 b6 7. c3 Bb7 8. Bd3 Nbd7 9. Qe2 0-0 10. e4 dxe4 11. Nxe4 Be7 12. Bg3 Nxe4 13. Bxe4 Bxe4 14. Qxe4 Nf6 15. Qe2 c5 16. dxc5 Bxc5 17. 0-0 Qe7 18. Ne5 Rac8 19. Qb5 Qb7 20. b4 Be7 21. Rac1 Nd5 22. Qd3 Rfd8 23. Qf3 Qa8 24. Qxf7+ Kh7 25. Qg6+ Kg8 26. Qxe6+ Kh7 27. c4 Rd6 28. Qf5+ g6 29. Qf7+ 1-0

[Event "Titled Tuesday intern op 12th Mar Late"]
[Site "Chess.com INT"]
[Date "2024.03.12"]
[Round "2"]
[White "Baches Garcia, Guillermo"]
[Black "Tarhan, Adar"]
[Result "0-1"]
[WhiteElo "2321"]
[BlackElo "2432"]
[PlyCount "86"]
[EventDate "2024.03.12"]
[EventType "swiss (blitz)"]
[EventRounds "11"]
[EventCountry "USA"]
[SourceTitle "CB12_2024"]
[SourceDate "2023.10.01"]
[SourceVersion "1"]
[SourceVersionDate "2023.10.01"]
[SourceQuality "1"]

1. Nf3 Nf6 2. d4 g6 3. Bg5 Ne4 4. Bh4 Bg7 5. e3 c5 6. c3 d5 7. Nbd2 Nc6 8. Nxe4 dxe4 9. Nd2 cxd4 10. exd4 f5 11. Bc4 Na5 12. Qa4+ Bd7 13. Bb5 Nc6 14. Nc4 0-0 15. Nd6 Qc7 16. Bxc6 Qxc6 17. Qxc6 bxc6 18. Bxe7 Rfb8 19. 0-0-0 Be6 20. Kb1 a5 21. Bg5 Bf8 22. Bf4 Rb6 23. c4 Rd8 24. c5 Rb4 25. Be5 a4 26. a3 Rb3 27. Ka1 Rdb8 28. Rd2 Bh6 29. Rc2 Bd5 30. h4 Ra8 31. h5 g5 32. Nxf5 Bf8 33. h6 Kf7 34. Nd6+ Bxd6 35. Bxd6 Kg6 36. Bg3 Ra7 37. Re2 Rf7 38. Re3 Kf5 39. Rxb3 Bxb3 40. Kb1 Kg4 41. Kc1 e3 42. Be5 exf2 43. Rf1 Bc4 0-1

[Event "Titled Tuesday intern op 12th Mar Late"]
[Site "Chess.com INT"]
[Date "2024.03.12"]
[Round "3"]
[White "Kamsky, Gata"]
[Black "Baches Garcia, Guillermo"]
[Result "1-0"]
[WhiteElo "2616"]
[BlackElo "2321"]
[PlyCount "95"]
[EventDate "2024.03.12"]
[EventType "swiss (blitz)"]
[EventRounds "11"]
[EventCountry "USA"]
[SourceTitle "CB12_2024"]
[SourceDate "2023.10.01"]
[SourceVersion "1"]
[SourceVersionDate "2023.10.01"]
[SourceQuality "1"]

1. e4 d5 2. exd5 Qxd5 3. Nc3 Qa5 4. Bc4 Nf6 5. Nge2 a6 6. 0-0 b5 7. Bb3 e6 8. d3 Bb7 9. a4 b4 10. Nb1 Nbd7 11. Nd2 Nb6 12. Ng3 Bd6 13. f4 h5 14. Nge4 Be7 15. Qe2 h4 16. h3 Nh5 17. Nf3 0-0-0 18. Ne5 Bxe4 19. Qxe4 Ng3 20. Qf3 Bc5+ 21. Be3 Bxe3+ 22. Qxe3 Nxf1 23. Rxf1 Nd5 24. Qa7 Qb6+ 25. Qxb6 cxb6 26. Nxf7 g6 27. Nxh8 Rxh8 28. Bxd5 exd5 29. Kf2 Re8 30. Kf3 Kd7 31. Rf2 Kd6 32. Kg4 Rh8 33. Kg5 Kc5 34. Kxg6 Kd4 35. Re2 b3 36. cxb3 Kxd3 37. Rf2 d4 38. f5 Ke3 39. Rf3+ Ke2 40. f6 d3 41. Rf5 Rd8 42. Re5+ Kf1 43. f7 d2 44. Re8 d1Q 45. f8Q+ Kg1 46. Rxd8 Qh5+ 47. Kxh5 Kh2 48. Qf2 1-0

[Event "Titled Tuesday intern op 12th Mar Early"]
[Site "Chess.com INT"]
[Date "2024.03.12"]
[Round "4"]
[White "Rieger, Robert"]
[Black "Baches Garcia, Guillermo"]
[Result "1-0"]
[WhiteElo "2334"]
[BlackElo "2321"]
[PlyCount "63"]
[EventDate "2024.03.12"]
[EventType "swiss (blitz)"]
[EventRounds "11"]
[EventCountry "USA"]
[SourceTitle "CB12_2024"]
[SourceDate "2023.10.01"]
[SourceVersion "1"]
[SourceVersionDate "2023.10.01"]
[SourceQuality "1"]

1. e4 c5 2. Nf3 d6 3. d4 cxd4 4. Nxd4 Nf6 5. Nc3 Nc6 6. Nb3 g6 7. f3 Bg7 8. Be3 0-0 9. Qd2 a5 10. Bb5 Be6 11. 0-0-0 Nb4 12. Kb1 d5 13. a3 Na6 14. exd5 Bd7 15. Bc4 Ne8 16. Bd4 Nd6 17. Bxg7 Kxg7 18. Qd4+ Kg8 19. Bxa6 bxa6 20. h4 Rb8 21. h5 Nf5 22. Qe5 a4 23. hxg6 fxg6 24. Nc5 Rxb2+ 25. Kxb2 Qb6+ 26. Nb3 axb3 27. cxb3 Rb8 28. b4 a5 29. Rxh7 Kxh7 30. Rh1+ Kg8 31. Qh8+ Kf7 32. Rh7+ 1-0

[Event "Titled Tuesday intern op 27th Feb Late"]
[Site "Chess.com INT"]
[Date "2024.02.27"]
[Round "4"]
[White "Eggleston, Thomas"]
[Black "Baches Garcia, Guillermo"]
[Result "0-1"]
[WhiteElo "2188"]
[BlackElo "2319"]
[PlyCount "90"]
[EventDate "2024.02.27"]
[EventType "swiss (blitz)"]
[EventRounds "11"]
[EventCountry "USA"]
[SourceTitle "CB10_2024"]
[SourceDate "2024.03.06"]
[SourceVersion "1"]
[SourceVersionDate "2024.03.06"]
[SourceQuality "1"]

1. e4 c5 2. Nf3 d6 3. Bc4 Nf6 4. d3 e6 5. 0-0 Nc6 6. c3 Be7 7. Bb3 0-0 8. Re1 b5 9. d4 d5 10. e5 Ne4 11. Nbd2 Bb7 12. Bc2 cxd4 13. cxd4 Nb4 14. Bb1 Rc8 15. a3 Na6 16. Nxe4 dxe4 17. Bxe4 Bxe4 18. Rxe4 Qd5 19. Qe2 Rc4 20. h4 Rfc8 21. Bg5 Bf8 22. Rd1 b4 23. axb4 Nxb4 24. Ne1 a5 25. h5 h6 26. Bf4 a4 27. g3 Nc2 28. Nf3 a3 29. bxa3 Nxa3 30. Ne1 Nb5 31. Re3 Nc3 32. Rxc3 Rxc3 33. Be3 R3c6 34. Nd3 Qe4 35. Nf4 Rc2 36. Qg4 Kh8 37. Re1 Qb7 38. Qh4 Rb2 39. Qg4 Rb1 40. Rf1 Rxf1+ 41. Kxf1 Qh1+ 42. Ke2 Qb1 43. Kf3 Qb7+ 44. Ke2 Rc2+ 45. Kf1 Qh1# 0-1

[Event "Titled Tuesday intern op 13th Feb Early"]
[Site "Chess.com INT"]
[Date "2024.02.13"]
[Round "4"]
[White "Baches Garcia, Guillermo"]
[Black "Evdokimov, Alexey2"]
[Result "1-0"]
[WhiteElo "2319"]
[BlackElo "2227"]
[PlyCount "145"]
[EventDate "2024.02.13"]
[EventType "swiss (blitz)"]
[EventRounds "11"]
[EventCountry "USA"]
[SourceTitle "CB08_2024"]
[SourceDate "2024.02.21"]
[SourceVersion "1"]
[SourceVersionDate "2024.02.21"]
[SourceQuality "1"]

1. d4 Nf6 2. Nf3 d5 3. Bg5 Nbd7 4. Nbd2 e6 5. e3 Bd6 6. Bd3 c5 7. c3 0-0 8. 0-0 h6 9. Bh4 Qc7 10. Qe2 e5 11. dxe5 Bxe5 12. Nxe5 Qxe5 13. Bg3 Qe7 14. Rad1 Re8 15. Bb1 Ne5 16. c4 Bg4 17. f3 Bh5 18. cxd5 Nxd5 19. Ne4 Rad8 20. Rfe1 b6 21. a3 Qb7 22. Qc2 Bg6 23. Qf2 c4 24. Rd4 Nd3 25. Bxd3 cxd3 26. Rxd3 Bxe4 27. fxe4 Rxe4 28. Red1 Re7 29. Qd2 Red7 30. Be5 Nf6 31. Rxd7 Rxd7 32. Qc2 Rxd1+ 33. Qxd1 Qe7 34. Qd4 Ne8 35. Bf4 Kh7 36. Qd3+ g6 37. Qd4 Ng7 38. Qc3 Ne6 39. Be5 Qh4 40. g3 Qe4 41. Bf6 h5 42. h4 Qf3 43. Be5 Qd1+ 44. Kg2 Qd5+ 45. Kg1 Nc5 46. Qd4 Qxd4 47. Bxd4 Ne6 48. Be5 Kg8 49. Kg2 Kf8 50. Kf3 Ke7 51. Ke4 Nc5+ 52. Kd5 Kd7 53. Bd4 Nd3 54. e4 Ne1 55. Be5 Nf3 56. Bf4 Nh2 57. b4 Ng4 58. a4 Nf6+ 59. Kd4 Ne8 60. a5 bxa5 61. bxa5 a6 62. Kd5 Nc7+ 63. Bxc7 Kxc7 64. Ke5 Kc6 65. Kf6 Kb5 66. Kxf7 Kxa5 67. e5 Kb6 68. e6 a5 69. e7 a4 70. e8Q a3 71. Qe1 a2 72. Qa1 Kc5 73. Kxg6 1-0

[Event "Titled Tuesday intern op 13th Feb Late"]
[Site "Chess.com INT"]
[Date "2024.02.13"]
[Round "4"]
[White "Prieto Aranguren, Alain"]
[Black "Baches Garcia, Guillermo"]
[Result "0-1"]
[WhiteElo "2171"]
[BlackElo "2319"]
[PlyCount "28"]
[EventDate "2024.02.13"]
[EventType "swiss (blitz)"]
[EventRounds "11"]
[EventCountry "USA"]
[SourceTitle "CB08_2024"]
[SourceDate "2024.02.21"]
[SourceVersion "1"]
[SourceVersionDate "2024.02.21"]
[SourceQuality "1"]

1. e4 c5 2. c3 d5 3. exd5 Qxd5 4. d4 Nc6 5. Nf3 Bg4 6. Be3 cxd4 7. cxd4 Bxf3 8. Qxf3 Qxf3 9. gxf3 0-0-0 10. Nc3 Nxd4 11. Rc1 Kb8 12. Bf4+ Ka8 13. Nd5 e5 14. Bxe5 Nxf3+ 0-1

[Event "Titled Tuesday intern op 13th Feb Late"]
[Site "Chess.com INT"]
[Date "2024.02.13"]
[Round "1"]
[White "Reinecke, Katharina"]
[Black "Baches Garcia, Guillermo"]
[Result "0-1"]
[WhiteElo "1936"]
[BlackElo "2319"]
[PlyCount "46"]
[EventDate "2024.02.13"]
[EventType "swiss (blitz)"]
[EventRounds "11"]
[EventCountry "USA"]
[SourceTitle "CB08_2024"]
[SourceDate "2024.02.21"]
[SourceVersion "1"]
[SourceVersionDate "2024.02.21"]
[SourceQuality "1"]

1. e4 c5 2. Nf3 d6 3. Bb5+ Bd7 4. Bxd7+ Qxd7 5. 0-0 Nf6 6. Re1 Nc6 7. c3 e6 8. d4 cxd4 9. cxd4 d5 10. e5 Ng8 11. Nc3 h5 12. a3 Nge7 13. b4 Nf5 14. b5 Na5 15. a4 Bb4 16. Bd2 Nc4 17. Rb1 Ba5 18. Qb3 Nxd4 19. Qa2 Nxf3+ 20. gxf3 Rc8 21. Rec1 Nxd2 22. Qxd2 d4 23. Rd1 Bxc3 0-1

[Event "Titled Tuesday intern op 06th Feb Early"]
[Site "Chess.com INT"]
[Date "2024.02.06"]
[Round "7"]
[White "Baches Garcia, Guillermo"]
[Black "Royal, Shreyas"]
[Result "1-0"]
[WhiteElo "2319"]
[BlackElo "2483"]
[PlyCount "71"]
[EventDate "2024.02.06"]
[EventType "swiss (blitz)"]
[EventRounds "11"]
[EventCountry "USA"]
[SourceTitle "CB07_2024"]
[SourceDate "2024.02.14"]
[SourceVersion "1"]
[SourceVersionDate "2024.02.14"]
[SourceQuality "1"]

1. d4 Nf6 2. Nf3 d5 3. Bg5 Ne4 4. Bh4 c5 5. e3 Nc6 6. Nbd2 cxd4 7. exd4 Bg4 8. Be2 Qd7 9. c3 e6 10. 0-0 Nxd2 11. Qxd2 Bd6 12. Rfe1 0-0 13. h3 Bf5 14. Bg5 Rac8 15. Bf1 f6 16. Bf4 Rfe8 17. Bxd6 Qxd6 18. Nh4 Be4 19. f3 Bg6 20. Nxg6 hxg6 21. Rad1 Ne7 22. Bd3 Nf5 23. Bxf5 gxf5 24. Re3 Kf7 25. Rde1 g5 26. Qe2 Rc7 27. a3 Rce7 28. Qb5 Rh8 29. Qb4 Qg3 30. Rxe6 Rxe6 31. Qxb7+ Kg6 32. Rxe6 Rxh3 33. Qe7 Qh2+ 34. Kf1 Qh1+ 35. Kf2 Rh7 36. Rxf6+ 1-0

[Event "Titled Tuesday intern op 23rd Jan Late"]
[Site "Chess.com INT"]
[Date "2024.01.23"]
[Round "2"]
[White "Diaz, Fernando"]
[Black "Baches Garcia, Guillermo"]
[Result "0-1"]
[WhiteElo "2086"]
[BlackElo "2327"]
[PlyCount "48"]
[EventDate "2024.01.23"]
[EventType "swiss (blitz)"]
[EventRounds "11"]
[EventCountry "USA"]
[SourceTitle "CB05_2024"]
[SourceDate "2024.01.31"]
[SourceVersion "1"]
[SourceVersionDate "2024.01.31"]
[SourceQuality "1"]

1. e4 d5 2. exd5 Qxd5 3. d4 Nc6 4. Nf3 e5 5. Be2 exd4 6. 0-0 Nf6 7. Na3 Bxa3 8. bxa3 0-0 9. h3 Ne4 10. Bb2 Rd8 11. Bd3 Nc5 12. Be2 Bf5 13. Nd2 Na4 14. Qc1 Qc5 15. Nb3 Qxc2 16. Qxc2 Bxc2 17. Bc1 d3 18. Bf3 Nc3 19. Bd2 Ne2+ 20. Kh2 Re8 21. Rfe1 Rad8 22. Be3 Nc3 23. Nd2 Nd5 24. Bc5 Nf6 0-1